In welche Himmelsrichtung musst du gehen? #2 - Statistiken

Allgemein
  • Dieses Quiz wurde 50 mal gespielt
  • Das Durchschnittsergebnis liegt bei 9 aus 20
Antwortstatistiken
Hint Antwort % Korrekt
🇩🇪 > 🇩🇰 Norden
76%
Chile > Peru Norden
71%
Vancouver > Toronto Osten
64%
Wales > Plymouth Süden
56%
Aconcagua > Patagonien Süden
56%
Benin > Togo Westen
53%
Mississippi > Alabama Osten
47%
Donau > Slowenien Süden
47%
Kosovo > Montenegro Westen
47%
Auckland > Christchurch Süden
44%
Stuttgart > Ludwigsburg Norden
40%
Basel > Bodensee Osten
40%
Madeira > Gambia Süden
40%
Shanghai > Wuhan Westen
36%
El Salvador > Belmopan Norden
33%
Braunschweig > Elbe (kürzeste Verbindung) Osten
31%
Eiffelturm > Triumphbogen (Paris) Norden
27%
Dubai > Katar Westen
27%
Vanuatu > Fidschi Osten
24%
Utrecht > Birmingham Westen
24%
Keine übereinstimmenden Quizze gefunden
Verteilung der Resultate
Anzahl Personen mit jedem Resultat
Perzentil nach korrekt beantworteten Fragen
Ihre Resultats-Entwicklung
Sie haben dieses Quiz noch nicht gespielt